00487nam a2200193 a 4500001001300000003000900013005001700022008004100039020001000080082001600090100001600106245003700122260003900159300000900198500003500207505001300242650002200255700001600277nice12345678IN_TiNIC20260116011500.0050524s1898 lona grp 000 0 eng  ac10000a296.32bDAV aDavies, T W aMagic, Divination and Demonology aLondonbJames Clarke and Co.c1898 a130p aincludes index and biblioraphy2 aarchives aOccultism-Judaism1 aDavies, T W